| 000 | 01643nas a2200313 i 4500 | ||
|---|---|---|---|
| 001 | 46665 | ||
| 003 | DR-UNIBE | ||
| 005 | 20251217113416.0 | ||
| 007 | ta | ||
| 008 | 251111e1981 dr w||||r||||||0| |0spa d | ||
| 040 |
_cBIBLIOTECA UNIBE _aBIBLIOTECA UNIBE _bspa _dDO-SdBNP _erda |
||
| 041 | _aspa | ||
| 110 |
_aHoy (República Dominicana) _970838 |
||
| 245 | 1 | 0 |
_aIsla abierta : _brevista cultural / _cdirector: Manuel Rueda. |
| 264 |
_aSanto Domingo, República Dominicana : _bEditora Hoy, _c1981. |
||
| 300 |
_avolumen : _bilustraciones, fotografías ; _c35 cm. |
||
| 310 | _aSemanal. | ||
| 336 |
_atexto _btxt _2rdacontent |
||
| 337 |
_asin mediación _bn _2rdamedia |
||
| 338 |
_avolumen _bnc _2rdacarrier |
||
| 362 | _aAño 1, No. 1, agosto, 1981. | ||
| 500 | _aCatalogación basada en el Suplemento, Año 1, No. 1, agosto, 1981. | ||
| 500 | _aSuplemento Cultural de Hoy. | ||
| 520 | _aIsla Abierta, Suplemento cultural de Hoy, al realizar esta primera entrega hace llegar un saludo al pueblo dominicano y a todos los intelectuales que trabajan por el engrandecimiento espiritual del país. Como primer objeto tenemos el de mostrar, en las diversas secciones de esta publicación, una gama de ideas representativa de lo más entrañable de nuestra realidad, o sea de lo que a través del tiempo ha caracterizado nuestras obras y acciones, y que hemos empezado a llamar "lo dominicano". | ||
| 650 | 4 |
_aCultura _97232 _vPublicaciones periódicas _zRepública Dominicana |
|
| 650 | 4 |
_aArtes _95906 _vPublicaciones periódicas _zRepública Dominicana |
|
| 700 |
_aRueda, Manuel, _d1921-1999 _922834 _edirector |
||
| 942 |
_2ddc _cISSUE |
||
| 999 |
_c60026 _d60026 |
||